000 00547nam a2200217Ia 4500
008 210210b1991 xxu||||| |||| 00| 0 eng d
020 _a81 7033 100 6
082 _a331.8 LUKL
100 _aLUKOSE (Ani).
245 _aLabour movements and agrarian relations.
260 _aJaipur
_bRawat Publications.
_c1991
300 _aviii,235
650 _arelations.
650 _amovements
650 _aLabour
650 _aand
650 _aAgrarian labour movements
650 _aagrarian
690 _aLabour Economics
906 _a052451
999 _c100438
_d100438